00000000nam##2200000za#4500
0019.642149
003CaOODSP
00520210624223549
007cr |||||||||||
008150407|2000||||xxc|||||o    f|0| 0 fre|d
040 |aCaOODSP|bfre
043 |an-cn---
0861 |aRH64-90/2000F-PDF
1101 |aCanada.|bDéveloppement des ressources humaines Canada. |bPolitique stratégique.
24510|aStratégie emploi jeunesse - évaluation formative de Jeunes stagiaires Canada et d'autres initiatives jeunesse de DRHC : |h[ressource électronique]|brapport final / |c[par] Services d'évaluation, Évaluation et développement des données.
260 |aOttawa - Ontario : |bDéveloppement des ressources humaines Canada. |cFévrier 2000.
300 |a84p.|bfigures, tableaux
504 |aBibliographie.
590 |a13-16-Supp|b2013-07-12
69107|aJeunesse|2gcpds
69107|aProgramme d'emploi|2gcpds
77508|tYouth employment strategy - a formative evaluation of Youth Internship Canada and other HRDC youth initiatives : |w(CaOODSP)9.698156
85640|ahttp://publications.gc.ca|qPDF|s483 Ko|uhttps://publications.gc.ca/collections/collection_2013/rhdcc-hrsdc/RH64-90-2000-fra.pdf
986 |aSP-AH105-02-00F